000 00373nam a2200145Ia 4500
008 200103s9999||||xx |||||||||||||| ||und||
020 _a9780130270191
040 _aIMU-MPC
082 _aColumn-17
100 _aPoniatowski, Marty
245 0 _aUnix User's handbook with CD-ROM
260 _bPrentice-Hall of India, New Delhi
_c2000
300 _axxxix, 1366
942 _cBK
999 _c6082
_d6082